Нелінійне театро (мистецтво) знавство: постнекласичний ландшафт. Від Фауста до Протея (Запис № 400798)

МАРК-запис
000 -Лідер
fixed length control field 00774nam a22002417a 4500
003 - Ідентифікатор контрольного номера
control field UA-OsUOA
001 - Контрольний номер
control field 114659
007 - Фіксоване поле фізичного опису
fixed length control field ta
008 - Елементи даних фіксованої довжини – загальна інформація
fixed length control field 20151116b un ||||| |||| 00| 0 ukr d
090 ## - Локальний шифр розміщення
Класифікаційний індекс УДК 7.072.2:792
Авторський знак (НП) К67
040 ## - Джерело каталогізації
Агенція оригінальної каталогізації UA-OsUOA
Мова каталогізації ukr
Агенція, яка здійснювала перезапис UA-OsUOA
Агенція, яка здійснювала модифікацію UA-OsUOA
041 ## - Код мови
Код мови тексту/ звукової доріжки чи окремого заголовка (П) ukr
080 ## - Індекс Універсальної десяткової класифікації
Індекс Універсальної десяткової класифікації (УДК) (НП) 7.072.2:792
020 ## - Міжнародний стандартний книжковий номер (ISBN)
Міжнародний стандартний книжковий номер (ISBN) (НП) 978-966-542-543-4
100 ## - Основне введення – ім’я особи
Ім’я особи (НП) Корнієнко Н.
245 ## - Відомості про назву
Назва (НП) Нелінійне театро (мистецтво) знавство: постнекласичний ландшафт. Від Фауста до Протея
Решта назви (НП) монографія
260 ## - Публікація, розповсюдження і т.п. (Вихідні дані)
Місце публікації, розповсюдження і т.п. (П) К.
Ім’я/ наймення видавництва, розповсюджувача і т.п. (П) Альтерпрес
Дата публікації, розповсюдження і т.п. (П) 2013
300 ## - Фізичний опис
Обсяг 264 с.
650 #7 - Додаткове предметне введення – тематичний термін
Тематичний термін чи географічна назва, як елемент введення (НП) 7.0 Загальні питання мистецтва
Джерело заголовка чи терміна UDC
942 ## - Додаткові елементи входу (Коха)
Тип елемента Koha Книги
955 ## - Код типу видання за змістом
Код типу видання за змістом (НП) Наукові видання
Фонди
Стан вилучень Стан втрат Джерело класифікації або схеми стелажів Стан уражень Не для кредиту Постійне місце розташування Поточне розміщення Дата придбання Джерело придбання Вартість, звичайна ціна покупки Інвентарний номер Усього замовленно Повний номер виклику Штрих-код Дата останнього перегляду Ціна ефективна від Тип елемента Koha Код колекції
    Universal Decimal Classification     АБ - Абонемент НБ АБ - Абонемент НБ 16/11/2015 46/2015 20.00 149635   7.072.2:792 К67 149635 29/12/2021 16/11/2015 Книги  
    Universal Decimal Classification     АБ - Абонемент НБ АБ - Абонемент НБ 06/11/2017 48/2017 20.00 156669   7.072.2:792 К67 156669 14/12/2021 16/11/2015 Книги Колекція Жулинського М.Г.
Withdrawn   Universal Decimal Classification     ЧЗ - Читальна зала ЧЗ - Читальна зала 16/11/2015 46/2015 20.00 149634   7.072.2:792 К67 149634 13/07/2019 16/11/2015 Книги